000 00612nam a22001817a 4500
003 UA-OsUOA
001 13904
007 ta
008 20030625b un ||||| |||| 00| 0 ukr d
100 _aСавченко Н.
942 _cSA
040 _aUA-OsUOA
_cUA-OsUOA
_dUA-OsUOA
245 _aНовосілля у Кустині: [В с.Кустин Рівнен. р-ну відкрився Центр соц. служб для молоді]
300 _aС.2
955 _a0
773 0 _w0
_tВісті Рівненщини
_dРівне
_d2003
_g№50/18 черв./
650 7 _aКраєзнавча робота
_2UDC
999 _c300065
_d300065